00422 2200169 4500001002100000008004100021035002000062245004400082100001300126260002400139300002000163020002200183084001400205082000800219650001000227990001500237INLIS000000000003240 ind  a0010-1225000061 aSejuta Waktu Untuk MencintaimucAchi TM aTM, Achi aJakarta :bGramedia a416c13,5x20 cm a978-602-06-7908-2 a813 ACH s a813 aFiksi a19715/B/26